Riego localizado : (Record no. 90463)
[ view plain ]
| 000 -CABECERA | |
|---|---|
| campo de control de longitud fija | 01810cam a22004217a 4500 |
| 003 - IDENTIFICADOR DEL NÚMERO DE CONTROL | |
| campo de control | CHAP |
| 005 - FECHA Y HORA DE LA ÚLTIMA TRANSACCIÓN | |
| campo de control | 20240514111116.0 |
| 008 - DATOS DE LONGITUD FIJA--INFORMACIÓN GENERAL | |
| campo de control de longitud fija | 050609s2003 es b r 00010 spa d |
| 010 ## - NÚMERO DE CONTROL DE LA BIBLIOTECA DEL CONGRESO | |
| Número de control de LC | 90463 |
| 011 ## - ENLACE DEL NUMERO DE CONTROL DE LA BIBLIOTECA DEL CONGRESO [OBSOLETO] | |
| Número de control de LC | 91435 |
| 020 ## - NÚMERO INTERNACIONAL ESTÁNDAR DEL LIBRO | |
| Número Internacional Estándar del Libro | 8484760928 |
| 035 ## - NÚMERO DE CONTROL DEL SISTEMA | |
| Número de control de sistema | 101994 |
| 040 ## - FUENTE DE LA CATALOGACIÓN | |
| Centro/agencia transcriptor | CHAP |
| 082 04 - NÚMERO DE LA CLASIFICACIÓN DECIMAL DEWEY | |
| Número de clasificación | 631.7001 |
| Número de documento/Ítem | R63 2002 |
| 100 1# - ENTRADA PRINCIPAL--NOMBRE DE PERSONA | |
| Nombre de persona | Rodrigo López, Jesus. |
| 9 (RLIN) | 98254 |
| 245 10 - MENCIÓN DE TÍTULO | |
| Título | Riego localizado : |
| Resto del título | programas informáticos para windows |
| Mención de responsabilidad, etc. | /por Jesús Rodrígo López y Lucinio Cordero Ordoñez |
| 300 ## - DESCRIPCIÓN FÍSICA | |
| Extensión | 157 p. : |
| Otras características físicas | ilus. + 1 CD (4 3/4 plg.) |
| 650 14 - PUNTO DE ACCESO ADICIONAL DE MATERIA--TÉRMINO DE MATERIA | |
| Término de materia o nombre geográfico como elemento de entrada | Irrigación. |
| 9 (RLIN) | 60366 |
| 650 14 - PUNTO DE ACCESO ADICIONAL DE MATERIA--TÉRMINO DE MATERIA | |
| Término de materia o nombre geográfico como elemento de entrada | Procesamiento automático de datos en irrigación. |
| 9 (RLIN) | 91796 |
| 650 14 - PUNTO DE ACCESO ADICIONAL DE MATERIA--TÉRMINO DE MATERIA | |
| Término de materia o nombre geográfico como elemento de entrada | Riego localizado. |
| 9 (RLIN) | 97374 |
| 700 0# - PUNTO DE ACCESO ADICIONAL--NOMBRE DE PERSONA | |
| Nombre de persona | Cordero Ordoñez, Lucinio. |
| 9 (RLIN) | 27959 |
| 942 ## - ELEMENTOS DE PUNTO DE ACCESO ADICIONAL (KOHA) | |
| Tipo de ítem Koha | CD |
| Fuente del sistema de clasificación o colocación | Dewey Decimal Classification |
| 260 ## - PUBLICACIÓN, DISTRIBUCIÓN, ETC. | |
| Lugar de publicación, distribución, etc. | Madrid : |
| Nombre del editor, distribuidor, etc. | Mundi-Prensa, |
| Fecha de publicación, distribución, etc. | 2003 |
| 590 ## - NOTA LOCAL (RLIN) | |
| Nota local | BATCH-UPD |
| Procedencia (VM) [OBSOLETO] | 10 |
| Condición del los carretes individuales (VM) [OBSOLETO] | 20130110 |
| 590 ## - NOTA LOCAL (RLIN) | |
| Nota local | BATCH-UPD |
| Procedencia (VM) [OBSOLETO] | 10 |
| Condición del los carretes individuales (VM) [OBSOLETO] | 20130410 |
| 590 ## - NOTA LOCAL (RLIN) | |
| Nota local | BATCH-UPD |
| Procedencia (VM) [OBSOLETO] | 10 |
| Condición del los carretes individuales (VM) [OBSOLETO] | 20130914 |
| 590 ## - NOTA LOCAL (RLIN) | |
| Nota local | CONVERSION |
| Procedencia (VM) [OBSOLETO] | 10 |
| Condición del los carretes individuales (VM) [OBSOLETO] | 20130109 |
| 901 ## - ELEMENTOS DE DATOS A LOCAL LDA (RLIN) | |
| a | BK |
| 905 ## - ELEMENTOS DE DATOS E LOCAL, LDE (RLIN) | |
| a | Alejandra Carrasco M. |
| 949 ## - PROCESAMIENTO DE INFORMACIÓN LOCAL (OCLC) | |
| a | 631.7001 R63 2002 |
| b | BC |
| c | CD |
| d | 33724002025520 |
| e | CD |
| f | CD |
| i | 101994 |
| s | b |
| 949 ## - PROCESAMIENTO DE INFORMACIÓN LOCAL (OCLC) | |
| a | 631.7001 R63 2002 |
| b | BC |
| c | CD |
| d | 33724002025561 |
| e | CD |
| f | c.2 CD |
| i | 101994 |
| s | b |
| 949 ## - PROCESAMIENTO DE INFORMACIÓN LOCAL (OCLC) | |
| a | 631.7001 R63 2002 |
| b | BC |
| c | CD |
| d | 33724002027967 |
| e | CD |
| f | c.3 CD |
| i | 101994 |
| k | I. c/e |
| s | b |
| 949 ## - PROCESAMIENTO DE INFORMACIÓN LOCAL (OCLC) | |
| a | 631.7001 R63 2002 |
| b | BC |
| c | LIBRO |
| d | 33724000957163 |
| e | LIBRO |
| h | 105752 |
| i | 101994 |
| k | I. c/e |
| s | i |
| t | $ 524.00 |
| 949 ## - PROCESAMIENTO DE INFORMACIÓN LOCAL (OCLC) | |
| a | 631.7001 R63 2002 |
| b | BC |
| c | LIBRO |
| d | 33724000957221 |
| e | LIBRO |
| f | c.2 |
| h | 105753 |
| i | 101994 |
| k | I. c/e |
| s | b |
| t | $ 524.00 |
| 949 ## - PROCESAMIENTO DE INFORMACIÓN LOCAL (OCLC) | |
| a | 631.7001 R63 2002 |
| b | BC |
| c | LIBRO |
| d | 33724000957288 |
| e | LIBRO |
| f | c.3 |
| h | 105754 |
| i | 101994 |
| k | I. c/e |
| s | i |
| t | $ 524.00 |
| 949 ## - PROCESAMIENTO DE INFORMACIÓN LOCAL (OCLC) | |
| a | 631.7001 R63 2002 |
| b | BC |
| c | LIBRO |
| d | 33724002052975 |
| e | LIBRO |
| f | c.4 |
| g | I.c/e |
| h | 109244 |
| i | 101994 |
| s | b |
| t | $ 524.00 |
| 949 ## - PROCESAMIENTO DE INFORMACIÓN LOCAL (OCLC) | |
| a | 631.7001 R63 2002 |
| b | BC |
| c | LIBRO |
| d | 33724002053017 |
| e | LIBRO |
| f | c.5 |
| g | I.c/e |
| h | 109245 |
| i | 101994 |
| s | b |
| t | $ 524.00 |
| Estado de retiro | Estado de pérdida | Fuente del sistema de clasificación o colocación | Estado dañado | Restricciones de uso | No para préstamo | Código de colección | Localización permanente | Ubicación/localización actual | Ubicación en estantería | Fecha de adquisición | Fuente de adquisición | Total de préstamos | Signatura topográfica completa | Código de barras | Fecha visto por última vez | Precio válido a partir de | Tipo de ítem Koha | Nota pública | Número de copia |
|---|---|---|---|---|---|---|---|---|---|---|---|---|---|---|---|---|---|---|---|
| Dewey Decimal Classification | Préstamo interno | Material multimedia | Biblioteca Central | Biblioteca Central | Planta Principal - Área de préstamo - Mat. Multimedia | 17/12/2012 | I.c/e | 631.7001 R63 2002 | 33724002589947 | 31/12/2019 | 31/12/2019 | CD | Material complementario | ||||||
| Dewey Decimal Classification | Préstamo interno | Material multimedia | Biblioteca Central | Biblioteca Central | Planta Principal - Área de préstamo - Mat. Multimedia | 17/12/2012 | I.c/e | 631.7001 R63 2002 | 33724002589959 | 31/12/2019 | 31/12/2019 | CD | Material complementario | c.2 | |||||
| Dewey Decimal Classification | Préstamo interno | Material multimedia | Biblioteca Central | Biblioteca Central | Planta Principal - Área de préstamo - Mat. Multimedia | 17/12/2012 | 631.7001 R63 2002 | 33724002589960 | 31/12/2019 | 31/12/2019 | CD | Material complementario | c.3 | ||||||
| Dewey Decimal Classification | Préstamo interno | Material multimedia | Biblioteca Central | Biblioteca Central | Planta Principal - Área de préstamo - Mat. Multimedia | 29/10/2019 | 631.7001 R63 2002 | 33724002589972 | 31/12/2019 | 31/12/2019 | CD | Material complementario | c.4 | ||||||
| Dewey Decimal Classification | Préstamo 15 días | General | Biblioteca Central | Biblioteca Central | Planta principal - Colección General | 31/12/2019 | 631.7001 R63 2002 | 33724000957163 | 31/12/2019 | 31/12/2019 | Libro | ||||||||
| Dewey Decimal Classification | Préstamo 15 días | General | Biblioteca Central | Biblioteca Central | Planta principal - Colección General | 31/12/2019 | 631.7001 R63 2002 | 33724000957221 | 31/12/2019 | 31/12/2019 | Libro | c.2 | |||||||
| Dewey Decimal Classification | Préstamo 15 días | General | Biblioteca Central | Biblioteca Central | Planta principal - Colección General | 31/12/2019 | 631.7001 R63 2002 | 33724000957288 | 31/12/2019 | 31/12/2019 | Libro | c.3 | |||||||
| Dewey Decimal Classification | Préstamo 15 días | General | Biblioteca Central | Biblioteca Central | Planta principal - Colección General | 31/12/2019 | 631.7001 R63 2002 | 33724002052975 | 31/12/2019 | 31/12/2019 | Libro | c.4 | |||||||
| Dewey Decimal Classification | Préstamo 15 días | General | Biblioteca Central | Biblioteca Central | Planta principal - Colección General | 31/12/2019 | 631.7001 R63 2002 | 33724002053017 | 31/12/2019 | 31/12/2019 | Libro | c.5 |
